| 000 | 00000nas 2200000za 4500 |
| 001 | 9.864454 |
| 003 | CaOODSP |
| 005 | 20221107161539 |
| 007 | cr ||||||||||| |
| 008 | 181108d19441947oncar p oss f000#b0fre| |
| 022 | # |y0825-3919 |
| 040 | |aCaOODSP|bfre |
| 041 | |aeng|afre |
| 043 | |an-cn--- |
| 086 | 1 |aCS35-206-PDF |
| 245 | 00|aPreliminary report on the veneers & plywoods industry in Canada |h[ressource électronique] / |cDominion Bureau of Statistics, Census of Industry, Forest Products Statistics. |
| 246 | 3 |aPreliminary report on the veneers and plywoods industry in Canada |
| 246 | 15|aRapport préliminaire sur l'industrie des placages et contreplaques au Canada |
| 246 | 16|aVeneers and plywoods industry in Canada = |bL'industrie des placages et contreplaques au Canada |
| 260 | |aOttawa : |bDominion Bureau of Statistics, Census of Industry, |c[1944-1947]. |
| 300 | |a4 v. |
| 310 | |aAnnuel |
| 362 | 0 |a1944-1947. |
| 500 | |aTitre pris sur la couv. |
| 500 | |aÉdition numérisée de l’imprimé [par Statistique Canada] |
| 546 | |aTexte en anglais et en français. |
| 692 | 07|2gccst|aIndustrie du bois |
| 710 | 1 |aCanada. |bBureau fédéral de la statistique. |bStatistiques des produits forestiers. |
| 710 | 1 |aCanada. |bRecensement industriel. |
| 785 | 00|tThe veneers and plywoods industry |w(CaOODSP)9.864461 |
| 791 | |tPreliminary report on the veneers & plywoods industry in Canada |eeng|w(CaOODSP)9.864449 |